[Event "Coventry International"]
[Site "Coventry"]
[Date "2025.10.26"]
[Round "2.24"]
[White "Pal, Rohan"]
[Black "Vaidyanathan, Sathya"]
[Result "1-0"]
[WhiteElo "2101"]
[BlackElo "1770"]
[PlyCount "95"]
[EventDate "2025.10.26"]
[EventType "swiss"]
[EventRounds "9"]
[EventCountry "ENG"]
[SourceTitle "BritBase"]
[Source "John Saunders"]
[SourceDate "2025.10.31"]
[SourceVersion "1"]
[SourceVersionDate "2025.10.31"]
[SourceQuality "1"]

1. d4 d5 2. c4 e6 3. Nf3 Nf6 4. Nc3 c6 5. e3 Be7 6. Qc2 Nbd7 7. b3 O-O 8. Bd3 b6 9. O-O Bb7 10. Bb2 h6 11. Rad1 Rc8 12. Qe2 Qc7 13. e4 dxe4 14. Nxe4 Nxe4 15. Bxe4 Bf6 16. Rfe1 Rfd8 17. b4 c5 18. Bxb7 Qxb7 19. dxc5 Bxb2 20. Qxb2 bxc5 21. b5 Nb6 22. Qc2 Qc7 23. g3 Rxd1 24. Rxd1 Rd8 25. Rd3 Rxd3 26. Qxd3 Qd7 27. Qxd7 Nxd7 28. Kf1 Kf8 29. Ke2 Ke7 30. Kd3 Kd6 31. a4 f5 32. a5 g5 33. h3 e5 34. Nd2 e4+ 35. Ke3 Ke5 36. f4+ gxf4+ 37. gxf4+ Kd6 38. Nf1 Ke6 39. Kf2 Nb8 40. Ne3 a6 41. Kg3 axb5 42. cxb5 Nd7 43. Nc4 Kd5 44. Ne5 Kd6 45. Kf2 Kc7 46. Nc4 Nf6 47. Ne3 Nd5 48. Nxd5+ 1-0

[Event "Coventry International"]
[Site "Coventry"]
[Date "2025.10.26"]
[Round "2.25"]
[White "McMahon, Paul"]
[Black "Brett, Andrew R"]
[Result "0-1"]
[WhiteElo "1894"]
[BlackElo "2034"]
[PlyCount "134"]
[EventDate "2025.10.26"]
[EventType "swiss"]
[EventRounds "9"]
[EventCountry "ENG"]
[SourceTitle "BritBase"]
[Source "John Saunders"]
[SourceDate "2025.10.31"]
[SourceVersion "1"]
[SourceVersionDate "2025.10.31"]
[SourceQuality "1"]

1. e4 c5 2. Nf3 d6 3. Bb5+ Bd7 4. Bxd7+ Qxd7 5. O-O Nf6 6. d3 Nc6 7. a4 g6 8. Be3 Bg7 9. c3 O-O 10. h3 e5 11. Qd2 Rfe8 12. Bh6 d5 13. Bxg7 Kxg7 14. Re1 Rad8 15. Qc2 d4 16. cxd4 Nxd4 17. Nxd4 Qxd4 18. Ra3 b6 19. Nd2 Nh5 20. g3 Qd7 21. Kg2 Nf6 22. Nf3 Qe7 23. Qc3 Nd7 24. Rb3 f6 25. a5 Rb8 26. axb6 axb6 27. Ra1 b5 28. Ra7 Kh8 29. Qa5 b4 30. Nd2 Qd8 31. Qc7 Qxc7 32. Rxc7 Red8 33. Nc4 Rbc8 34. Rb7 Nf8 35. Re7 Rd7 36. Rxd7 Nxd7 37. Kf1 Nf8 38. d4 exd4 39. Rd3 Re8 40. f3 Nd7 41. Rd1 Ra8 42. Ke2 Kg8 43. f4 Kf8 44. Kd3 Ke7 45. e5 fxe5 46. Re1 Ra2 47. Nxe5 Nxe5+ 48. Rxe5+ Kd6 49. Re2 Ra1 50. h4 Rg1 51. Kc4 Rc1+ 52. Kd3 b3 53. h5 gxh5 54. Rh2 Kc6 55. f5 Kd5 56. Rxh5 c4+ 57. Ke2 Rc2+ 58. Kf3 c3 59. bxc3 dxc3 60. f6+ Ke6 61. f7 Kxf7 62. Rxh7+ Kg6 63. Rb7 b2 64. Rb6+ Kf7 65. Rb7+ Ke6 66. Ke4 Rc1 67. Rb6+ Kd7 0-1

[Event "Coventry International"]
[Site "Coventry"]
[Date "2025.10.26"]
[Round "2.26"]
[White "Sasikumar, Srivathsan"]
[Black "Liu, Jacob"]
[Result "0-1"]
[WhiteElo "2021"]
[BlackElo "1902"]
[PlyCount "42"]
[EventDate "2025.10.26"]
[EventType "swiss"]
[EventRounds "9"]
[EventCountry "ENG"]
[SourceTitle "BritBase"]
[Source "John Saunders"]
[SourceDate "2025.10.31"]
[SourceVersion "1"]
[SourceVersionDate "2025.10.31"]
[SourceQuality "1"]

1. e4 e6 2. d4 d5 3. Be3 dxe4 4. Nd2 Nf6 5. c3 b6 6. g3 Bb7 7. Bg2 Be7 8. Qc2 Nd5 9. Bxe4 Nd7 10. Ne2 N7f6 11. Bf3 O-O 12. O-O-O Nxe3 13. fxe3 Bxf3 14. Nxf3 Qd5 15. Ne5 Qxa2 16. g4 c5 17. Nf4 cxd4 18. exd4 Nd5 19. Qe4 Nxc3 20. Qe3 Qb1+ 21. Kd2 Qxb2+ 0-1

[Event "Coventry International"]
[Site "Coventry"]
[Date "2025.10.26"]
[Round "2.27"]
[White "Shivakumar, Akshath"]
[Black "Dupuis, Denis K"]
[Result "1/2-1/2"]
[WhiteElo "1872"]
[BlackElo "2013"]
[PlyCount "118"]
[EventDate "2025.10.26"]
[EventType "swiss"]
[EventRounds "9"]
[EventCountry "ENG"]
[SourceTitle "BritBase"]
[Source "John Saunders"]
[SourceDate "2025.10.31"]
[SourceVersion "1"]
[SourceVersionDate "2025.10.31"]
[SourceQuality "1"]

1. d4 d5 2. c4 c6 3. Nf3 Nf6 4. Nc3 e6 5. Bg5 Nbd7 6. e3 Qa5 7. Qd2 Bb4 8. Bxf6 Nxf6 9. Qc2 Ne4 10. Rc1 Qxa2 11. Bd3 Nxc3 12. bxc3 Qxc2 13. Rxc2 Ba5 14. O-O Ke7 15. e4 dxc4 16. Bxc4 b5 17. Bb3 Bb6 18. Ne5 Bb7 19. d5 cxd5 20. exd5 f6 21. d6+ Ke8 22. Ng4 h5 23. Ne3 Bxe3 24. fxe3 Kd7 25. c4 bxc4 26. Rxc4 Bd5 27. Rc3 Bxb3 28. Rxb3 Rhb8 29. Rxb8 Rxb8 30. Ra1 Ra8 31. Ra6 Kc8 32. Rc6+ Kb7 33. Rc7+ Kb6 34. Rxg7 a5 35. d7 Rd8 36. Re7 e5 37. Re6+ Kb5 38. Rxf6 a4 39. Rf5 a3 40. Rxe5+ Kb4 41. Rd5 a2 42. Rd1 Kb3 43. Kf2 Kc2 44. Ra1 Kb2 45. Rd1 a1=Q 46. Rxa1 Kxa1 47. Kf3 Kb2 48. g4 hxg4+ 49. Kxg4 Kc3 50. h4 Kc4 51. h5 Rxd7 52. h6 Rd1 53. Kg5 Kd5 54. h7 Rh1 55. Kg6 Ke6 56. Kg7 Rg1+ 57. Kf8 Rf1+ 58. Kg7 Rg1+ 59. Kf8 Rf1+ 1/2-1/2

[Event "Coventry International"]
[Site "Coventry"]
[Date "2025.10.26"]
[Round "2.28"]
[White "Hariharan, Shambavi"]
[Black "Swiatkowski, Dominik"]
[Result "1/2-1/2"]
[WhiteElo "1989"]
[BlackElo "1891"]
[PlyCount "112"]
[EventDate "2025.10.26"]
[EventType "swiss"]
[EventRounds "9"]
[EventCountry "ENG"]
[SourceTitle "BritBase"]
[Source "John Saunders"]
[SourceDate "2025.10.31"]
[SourceVersion "1"]
[SourceVersionDate "2025.10.31"]
[SourceQuality "1"]

1. d4 Nf6 2. c4 e6 3. Nc3 Bb4 4. f3 d5 5. a3 Bxc3+ 6. bxc3 c5 7. e3 Nc6 8. Bd3 O-O 9. Ne2 b6 10. O-O Bb7 11. Bc2 Ba6 12. cxd5 Nxd5 13. Bd2 cxd4 14. cxd4 Rc8 15. Re1 e5 16. Bf5 Rc7 17. Rc1 Bxe2 18. Qxe2 exd4 19. e4 Nce7 20. Bxh7+ Kxh7 21. exd5 Rxc1 22. Rxc1 Nxd5 23. Qe4+ Kg8 24. Qxd4 Nf6 25. Qf2 Qd7 26. Bg5 Qf5 27. h4 Nd5 28. Rc4 Rc8 29. Re4 Nf6 30. Bxf6 Qxf6 31. Qg3 Qa1+ 32. Kh2 Qxa3 33. h5 Qf8 34. Rh4 Kh7 35. f4 Qd6 36. Rg4 Qf6 37. Qd3+ Kh8 38. Qe4 Rc5 39. Qe8+ Kh7 40. Qe4+ Qf5 41. Qe2 Qxh5+ 42. Kg1 Rc1+ 43. Kf2 Qc5+ 44. Kg3 Rc3+ 45. Kh2 Qh5+ 46. Kg1 Rc1+ 47. Kf2 Qc5+ 48. Kg3 Qc3+ 49. Kh2 Qe1 50. Qf3 Qh1+ 51. Kg3 Qe1+ 52. Kh2 f5 53. Qd3 Rc5 54. Rg3 Qe7 55. Rh3+ Kg6 56. Qd4 Qf6 1/2-1/2

[Event "Coventry International"]
[Site "Coventry"]
[Date "2025.10.26"]
[Round "2.29"]
[White "Swiatkowski, Aram"]
[Black "Doran, Chris"]
[Result "0-1"]
[WhiteElo "1860"]
[BlackElo "1972"]
[PlyCount "46"]
[EventDate "2025.10.26"]
[EventType "swiss"]
[EventRounds "9"]
[EventCountry "ENG"]
[SourceTitle "BritBase"]
[Source "John Saunders"]
[SourceDate "2025.10.31"]
[SourceVersion "1"]
[SourceVersionDate "2025.10.31"]
[SourceQuality "1"]

1. e4 c5 2. f4 g6 3. Nf3 Bg7 4. Bc4 e6 5. O-O Ne7 6. d3 O-O 7. c3 d5 8. Bb3 Nbc6 9. Qe2 b5 10. a4 b4 11. c4 Ba6 12. Nbd2 Na5 13. exd5 exd5 14. Ne5 Qd6 15. Ba2 Nf5 16. Ndf3 f6 17. Ng4 b3 18. Bb1 dxc4 19. Rd1 Rfe8 20. Qd2 Qb6 21. d4 Nxd4 22. Nxd4 cxd4 23. Qxd4 Rad8 0-1

[Event "Coventry International"]
[Site "Coventry"]
[Date "2025.10.26"]
[Round "2.30"]
[White "Keerthi Kumar, Advait"]
[Black "Miller, George I"]
[Result "1-0"]
[WhiteElo "1968"]
[BlackElo "1873"]
[PlyCount "61"]
[EventDate "2025.10.26"]
[EventType "swiss"]
[EventRounds "9"]
[EventCountry "ENG"]
[SourceTitle "BritBase"]
[Source "John Saunders"]
[SourceDate "2025.10.31"]
[SourceVersion "1"]
[SourceVersionDate "2025.10.31"]
[SourceQuality "1"]

1. e4 c5 2. Nf3 Nc6 3. d4 cxd4 4. Nxd4 g6 5. c4 Bg7 6. Be3 Nf6 7. Nc3 Ng4 8. Qxg4 Nxd4 9. Qd1 e5 10. Be2 O-O 11. O-O d6 12. Qd2 a6 13. Rfd1 Be6 14. b3 Rb8 15. Rab1 h5 16. Kh1 h4 17. h3 Kh7 18. Bf1 b5 19. cxb5 axb5 20. Bxd4 exd4 21. Nxb5 Rxb5 22. Bxb5 f5 23. Bd3 fxe4 24. Bxe4 Qd7 25. Qg5 Qf7 26. Qxh4+ Bh6 27. Rxd4 d5 28. Bf3 g5 29. Qg3 Qf5 30. Rbd1 Qc2 31. Bxd5 1-0

[Event "Coventry International"]
[Site "Coventry"]
[Date "2025.10.26"]
[Round "2.31"]
[White "Gunarathne, Senith"]
[Black "Ireland, David J"]
[Result "1-0"]
[WhiteElo "1849"]
[BlackElo "1956"]
[PlyCount "67"]
[EventDate "2025.10.26"]
[EventType "swiss"]
[EventRounds "9"]
[EventCountry "ENG"]
[SourceTitle "BritBase"]
[Source "John Saunders"]
[SourceDate "2025.10.31"]
[SourceVersion "1"]
[SourceVersionDate "2025.10.31"]
[SourceQuality "1"]

1. e4 e5 2. Nf3 Nf6 3. Nxe5 Nxe4 4. Qe2 Qe7 5. Qxe4 d6 6. d4 dxe5 7. dxe5 Nc6 8. Bb5 Bd7 9. O-O O-O-O 10. Nc3 Nxe5 11. Bxd7+ Nxd7 12. Qa4 a6 13. Bf4 Nb6 14. Qb3 Qf6 15. Bg3 h5 16. h4 Qg6 17. Rfe1 Bd6 18. Bxd6 Rxd6 19. Re7 f5 20. Rae1 Rf8 21. Qb4 Rfd8 22. Qc5 R6d7 23. R7e6 Qg4 24. Rxb6 Qxh4 25. Rb4 Qg5 26. Qa7 Rd2 27. Rxb7 Qf4 28. Rb8+ Kd7 29. Rxd8+ Kxd8 30. Qb8+ Kd7 31. Qe8+ Kd6 32. Qe6+ Kc5 33. Re5+ Kb4 34. Qb3# 1-0

[Event "Coventry International"]
[Site "Coventry"]
[Date "2025.10.26"]
[Round "2.32"]
[White "Patel, Devan"]
[Black "Sherwood, Gabriel"]
[Result "0-1"]
[WhiteElo "1938"]
[BlackElo "1851"]
[PlyCount "34"]
[EventDate "2025.10.26"]
[EventType "swiss"]
[EventRounds "9"]
[EventCountry "ENG"]
[SourceTitle "BritBase"]
[Source "John Saunders"]
[SourceDate "2025.10.31"]
[SourceVersion "1"]
[SourceVersionDate "2025.10.31"]
[SourceQuality "1"]

1. d4 d5 2. Nf3 e6 3. e3 c5 4. c3 Nc6 5. Bd3 Bd6 6. O-O Nf6 7. Nbd2 O-O 8. Re1 e5 9. e4 cxd4 10. cxd4 Bg4 11. Qa4 dxe4 12. Bxe4 Nxe4 13. Rxe4 f5 14. Re3 e4 15. Ne1 Nxd4 16. g3 Qf6 17. Ng2 b5 0-1

[Event "Coventry International"]
[Site "Coventry"]
[Date "2025.10.26"]
[Round "2.33"]
[White "Dissanayake, Sathsara"]
[Black "Sandhu, Manvith"]
[Result "1-0"]
[WhiteElo "1845"]
[BlackElo "1937"]
[PlyCount "123"]
[EventDate "2025.10.26"]
[EventType "swiss"]
[EventRounds "9"]
[EventCountry "ENG"]
[SourceTitle "BritBase"]
[Source "John Saunders"]
[SourceDate "2025.10.31"]
[SourceVersion "1"]
[SourceVersionDate "2025.10.31"]
[SourceQuality "1"]

1. e4 c5 2. Nf3 e6 3. d4 cxd4 4. Nxd4 a6 5. Bd3 Nf6 6. O-O Qc7 7. c4 Be7 8. Nc3 d6 9. f4 Nbd7 10. Qe2 O-O 11. Kh1 b6 12. g4 g6 13. f5 exf5 14. g5 fxe4 15. Bc2 Bb7 16. gxf6 Bxf6 17. Be3 Rac8 18. Bb3 Bg7 19. Nd5 Qd8 20. Qg2 Bxd5 21. cxd5 Nc5 22. Nc6 Qd7 23. Bxc5 dxc5 24. Qxe4 Rce8 25. Qg2 b5 26. Rae1 c4 27. Bd1 Qd6 28. Rxe8 Rxe8 29. Bf3 Qf6 30. Bg4 Qd6 31. Rd1 b4 32. Na5 c3 33. bxc3 bxc3 34. Nb7 Qb6 35. Bd7 Rb8 36. Bc6 Rxb7 37. Bxb7 Qxb7 38. d6 Qd7 39. Qa8+ Bf8 40. Qxa6 c2 41. Rc1 Bxd6 42. Rxc2 Qe6 43. Qc8+ Kg7 44. Qxe6 fxe6 45. a4 Bb4 46. Rc4 Bd2 47. Rc2 Bb4 48. Rb2 Bc3 49. Rb3 Bd2 50. Rb5 Kf6 51. a5 e5 52. a6 Be3 53. Rb7 Kf5 54. Kg2 e4 55. Rxh7 Kf4 56. a7 Bxa7 57. Rxa7 Ke3 58. Ra3+ Ke2 59. Rg3 e3 60. Rxg6 Kd1 61. h4 e2 62. Re6 1-0

[Event "Coventry International"]
[Site "Coventry"]
[Date "2025.10.26"]
[Round "2.34"]
[White "Young, Daniel J"]
[Black "Parikh, Naavya"]
[Result "1-0"]
[WhiteElo "1933"]
[BlackElo "1846"]
[PlyCount "129"]
[EventDate "2025.10.26"]
[EventType "swiss"]
[EventRounds "9"]
[EventCountry "ENG"]
[SourceTitle "BritBase"]
[Source "John Saunders"]
[SourceDate "2025.10.31"]
[SourceVersion "1"]
[SourceVersionDate "2025.10.31"]
[SourceQuality "1"]

1. Nf3 d5 2. c4 e6 3. g3 Nf6 4. Bg2 b6 5. O-O Bb7 6. cxd5 exd5 7. d4 Nbd7 8. Nc3 Bb4 9. Bf4 Bxc3 10. bxc3 O-O 11. Nd2 Nh5 12. Be3 f5 13. f3 Qe7 14. Bf2 Ba6 15. Re1 Nhf6 16. e4 fxe4 17. fxe4 Nxe4 18. Nxe4 dxe4 19. Rxe4 Qd6 20. Qb3+ Rf7 21. Re6 Qf8 22. Bxa8 Qxa8 23. Re7 Qf3 24. Qxf7+ Qxf7 25. Rxf7 Kxf7 26. a4 Bc4 27. Be3 Nf6 28. Bf4 Nd5 29. Bd2 Nf6 30. Re1 Bb3 31. Ra1 a5 32. Kf2 Ke6 33. Ke3 Kd5 34. Kd3 Ne4 35. Bf4 c5 36. Bc7 c4+ 37. Ke3 Nxc3 38. Bxb6 Nxa4 39. Bxa5 Nb2 40. Bc3 Nd1+ 41. Kd2 Nf2 42. Ra5+ Kc6 43. Re5 g6 44. Re2 Ng4 45. h3 Nh6 46. g4 Nf7 47. h4 Nd6 48. Bb4 Nb5 49. Bc3 Nd6 50. Re7 Kd5 51. Re5+ Kc6 52. Bb2 Kd7 53. Ba3 Nc8 54. Bc5 Ba2 55. Re1 Nd6 56. Bxd6 Kxd6 57. Kc3 Kd7 58. Ra1 Bb3 59. Ra7+ Ke6 60. Rxh7 Bd1 61. g5 Be2 62. Rc7 Kd5 63. Rc5+ Kd6 64. Rxc4 Bxc4 65. Kxc4 1-0

[Event "Coventry International"]
[Site "Coventry"]
[Date "2025.10.26"]
[Round "2.35"]
[White "Matthews, Adrian Ms"]
[Black "Moyse, Nigel J"]
[Result "0-1"]
[WhiteElo "1804"]
[BlackElo "1926"]
[PlyCount "116"]
[EventDate "2025.10.26"]
[EventType "swiss"]
[EventRounds "9"]
[EventCountry "ENG"]
[SourceTitle "BritBase"]
[Source "John Saunders"]
[SourceDate "2025.10.31"]
[SourceVersion "1"]
[SourceVersionDate "2025.10.31"]
[SourceQuality "1"]

1. e4 e6 2. d4 d5 3. e5 c5 4. c3 Nc6 5. Nf3 Bd7 6. Bd3 Rc8 7. dxc5 Bxc5 8. O-O Nge7 9. Nbd2 Qc7 10. Qe2 Ng6 11. Nb3 Be7 12. Re1 O-O 13. Nbd4 Na5 14. Bg5 Qd8 15. Bxe7 Qxe7 16. g3 a6 17. h4 f5 18. Ng5 h6 19. Nh3 Nc6 20. Nxc6 Bxc6 21. h5 Nh8 22. Nf4 Qf7 23. Kh2 g5 24. hxg6 Nxg6 25. Rg1 Nxf4 26. gxf4+ Kh7 27. Rg3 Rg8 28. Rag1 Rxg3 29. fxg3 Bb5 30. Bxb5 axb5 31. g4 fxg4 32. Qxg4 Rc4 33. Rf1 b4 34. Rf3 bxc3 35. bxc3 Ra4 36. Rf2 Qg6 37. Qh4 Qf7 38. Qg4 Re4 39. Qh4 Rc4 40. Qg3 Qh5+ 41. Kg2 Rc7 42. Qd3+ Qg6+ 43. Qxg6+ Kxg6 44. Rb2 Kf5 45. Rb6 Rxc3 46. Rxb7 Kxf4 47. a4 Ra3 48. Ra7 Kxe5 49. a5 Ke4 50. Ra8 e5 51. a6 Ke3 52. Re8 e4 53. Re6 h5 54. Rg6 Ra2+ 55. Kh3 Kd3 56. Rd6 d4 57. Kg3 Ke3 58. Rb6 d3 0-1

[Event "Coventry International"]
[Site "Coventry"]
[Date "2025.10.26"]
[Round "2.36"]
[White "Lazarus, Simon E"]
[Black "Ratcliffe, James"]
[Result "1/2-1/2"]
[WhiteElo "1910"]
[BlackElo "1773"]
[PlyCount "43"]
[EventDate "2025.10.26"]
[EventType "swiss"]
[EventRounds "9"]
[EventCountry "ENG"]
[SourceTitle "BritBase"]
[Source "John Saunders"]
[SourceDate "2025.10.31"]
[SourceVersion "1"]
[SourceVersionDate "2025.10.31"]
[SourceQuality "1"]

1. d4 Nf6 2. c4 e6 3. Nf3 b6 4. e3 Bb7 5. Bd3 c5 6. Nc3 cxd4 7. exd4 d5 8. O-O Be7 9. cxd5 Nxd5 10. Ne5 O-O 11. Qh5 Nf6 12. Qh4 Nc6 13. Rd1 Re8 14. Bg5 h6 15. Be3 Nb4 16. Bb1 Nbd5 17. Bxh6 Nxc3 18. Bxg7 Kxg7 19. Qg5+ Kf8 20. Qh6+ Kg8 21. Qg5+ Kf8 22. Qh6+ 1/2-1/2

[Event "Coventry International"]
[Site "Coventry"]
[Date "2025.10.26"]
[Round "2.37"]
[White "Dhingra, Kanvansh"]
[Black "Sieczkowski, Adam"]
[Result "0-1"]
[WhiteElo "1771"]
[BlackElo "1909"]
[PlyCount "116"]
[EventDate "2025.10.26"]
[EventType "swiss"]
[EventRounds "9"]
[EventCountry "ENG"]
[SourceTitle "BritBase"]
[Source "John Saunders"]
[SourceDate "2025.10.31"]
[SourceVersion "1"]
[SourceVersionDate "2025.10.31"]
[SourceQuality "1"]

1. e4 c5 2. Nf3 g6 3. d4 cxd4 4. Nxd4 Bg7 5. c4 Nc6 6. Be3 d6 7. Nc3 Nf6 8. Be2 O-O 9. O-O Bd7 10. Rc1 Rc8 11. b3 Qa5 12. f3 a6 13. Qd2 Nxd4 14. Bxd4 b5 15. cxb5 axb5 16. Qb2 Bh6 17. Nd5 Nxd5 18. Rxc8 Rxc8 19. exd5 Qa8 20. Bd3 Qxd5 21. Be4 Qe6 22. Qf2 Bg7 23. Re1 Bxd4 24. Qxd4 Rc5 25. Kf2 Qe5 26. Qxe5 Rxe5 27. Bd3 Rxe1 28. Kxe1 b4 29. Kd2 e5 30. Bc4 Be6 31. Bxe6 fxe6 32. Kd3 d5 33. Kc2 Kf8 34. Kb2 Ke7 35. a4 bxa3+ 36. Kxa3 Kd6 37. Kb4 Kc6 38. Kc3 Kb5 39. Kd2 Kb4 40. Kc2 g5 41. g3 d4 42. Kd3 Kxb3 43. f4 gxf4 44. gxf4 exf4 45. Kxd4 e5+ 46. Ke4 Kc3 47. h4 h5 48. Kf3 Kd3 49. Kf2 e4 50. Kf1 e3 51. Ke1 f3 52. Kf1 Kd2 53. Kg1 Ke2 54. Kh2 f2 55. Kg3 f1=Q 56. Kh2 Qf4+ 57. Kg2 Qg4+ 58. Kh2 Kf2 0-1

[Event "Coventry International"]
[Site "Coventry"]
[Date "2025.10.27"]
[Round "3.1"]
[White "Kanyamarala, Tarun"]
[Black "Harikrishnan, A Ra"]
[Result "1/2-1/2"]
[WhiteElo "2376"]
[BlackElo "2534"]
[PlyCount "85"]
[EventDate "2025.10.26"]
[EventType "swiss"]
[EventRounds "9"]
[EventCountry "ENG"]
[SourceTitle "BritBase"]
[Source "John Saunders"]
[SourceDate "2025.10.31"]
[SourceVersion "1"]
[SourceVersionDate "2025.10.31"]
[SourceQuality "1"]

1. e4 e6 2. d4 d5 3. Nd2 Be7 4. c3 dxe4 5. Nxe4 Nf6 6. Nxf6+ Bxf6 7. Nf3 Nd7 8. Be3 b6 9. Bd3 Bb7 10. O-O O-O 11. Qe2 c5 12. Rad1 cxd4 13. Nxd4 Nc5 14. Bb1 Qe7 15. Nf3 g6 16. Bxc5 Qxc5 17. Be4 Bxe4 18. Qxe4 Rad8 19. Qe2 b5 20. a3 a5 21. Nd2 Be7 22. Nb3 Qb6 23. Rxd8 Rxd8 24. Rd1 Rxd1+ 25. Qxd1 Bf6 26. Nc1 Kg7 27. g3 Qc7 28. Qf1 Qb6 29. Qd1 h5 30. h4 Qc7 31. Qf1 b4 32. axb4 axb4 33. cxb4 Bxb2 34. Nd3 Bd4 35. Qg2 e5 36. Qf3 Qc2 37. Kf1 f5 38. Qe2 Qc3 39. b5 Qa1+ 40. Kg2 Qa8+ 41. Kh2 Qa1 42. Ne1 Bb6 43. Nd3 1/2-1/2

[Event "Coventry International"]
[Site "Coventry"]
[Date "2025.10.27"]
[Round "3.2"]
[White "Wadsworth, Matthew J"]
[Black "Jackson, James P"]
[Result "1/2-1/2"]
[WhiteElo "2487"]
[BlackElo "2365"]
[PlyCount "54"]
[EventDate "2025.10.26"]
[EventType "swiss"]
[EventRounds "9"]
[EventCountry "ENG"]
[SourceTitle "BritBase"]
[Source "John Saunders"]
[SourceDate "2025.10.31"]
[SourceVersion "1"]
[SourceVersionDate "2025.10.31"]
[SourceQuality "1"]

1. c4 c5 2. Nc3 Nc6 3. Nf3 g6 4. e3 Nf6 5. d4 cxd4 6. exd4 d5 7. cxd5 Nxd5 8. Qb3 Nxc3 9. Bc4 e6 10. bxc3 Be7 11. Bh6 Bf8 12. Bxf8 Kxf8 13. O-O Kg7 14. Be2 b6 15. Rfd1 Bb7 16. c4 Rc8 17. Qe3 Qf6 18. Rab1 Rhd8 19. c5 Ne7 20. Qa3 Nf5 21. Qxa7 Bxf3 22. Bxf3 Nxd4 23. cxb6 Nxf3+ 24. gxf3 Qxf3 25. Rxd8 Qg4+ 26. Kf1 Qc4+ 27. Kg1 Qg4+ 1/2-1/2

[Event "Coventry International"]
[Site "Coventry"]
[Date "2025.10.27"]
[Round "3.3"]
[White "Hebden, Mark L"]
[Black "Willow, Jonah B"]
[Result "1/2-1/2"]
[WhiteElo "2355"]
[BlackElo "2472"]
[PlyCount "199"]
[EventDate "2025.10.26"]
[EventType "swiss"]
[EventRounds "9"]
[EventCountry "ENG"]
[SourceTitle "BritBase"]
[Source "John Saunders"]
[SourceDate "2025.10.31"]
[SourceVersion "1"]
[SourceVersionDate "2025.10.31"]
[SourceQuality "1"]

1. d4 Nf6 2. Bg5 c5 3. Bxf6 gxf6 4. d5 Qb6 5. Nd2 Qxb2 6. e4 Bh6 7. Ngf3 Bxd2+ 8. Nxd2 f5 9. Rb1 Qf6 10. Bd3 d6 11. O-O f4 12. Re1 Rg8 13. e5 dxe5 14. Qh5 Nd7 15. Bb5 Qg6 16. Qxg6 Rxg6 17. Rxe5 a6 18. Bxd7+ Kxd7 19. Rf5 Ke8 20. Rxf4 b5 21. a4 Bd7 22. Ne4 Rc8 23. axb5 Bxb5 24. h4 c4 25. Nc3 Rc5 26. f3 Kf8 27. Kf2 e6 28. h5 Rh6 29. g4 exd5 30. Ke3 Re6+ 31. Kd4 Rc7 32. Rf5 Rce7 33. Rxd5 Rf6 34. Rd8+ Kg7 35. Nd5 Re2 36. Nxf6 Rd2+ 37. Kc3 Rxd8 38. Ne4 h6 39. Ng3 Kf6 40. Nf5 Kg5 41. Re1 Bc6 42. Nd4 Bd5 43. Re5+ Kf6 44. f4 Be6 45. g5+ hxg5 46. Rxg5 Bd5 47. h6 Be4 48. Ra5 Kg6 49. Rxa6+ f6 50. Kxc4 Rh8 51. f5+ Kg5 52. Ra1 Rxh6 53. c3 Rh8 54. Rf1 Rc8+ 55. Kb4 Rb8+ 56. Kc5 Rc8+ 57. Kd6 Rxc3 58. Ne6+ Kh5 59. Ke7 Bxf5 60. Rxf5+ Kg4 61. Rxf6 Ra3 62. Rg6+ Kf5 63. Rg5+ Ke4 64. Nc5+ Kf4 65. Kf6 Ra8 66. Ne6+ Kf3 67. Re5 Ra7 68. Ng5+ Kf4 69. Re4+ Kg3 70. Nf7 Kf3 71. Re6 Kf4 72. Ne5 Ra5 73. Ng6+ Kg4 74. Re4+ Kf3 75. Re1 Kf2 76. Re8 Kf3 77. Rd8 Ke4 78. Rd1 Ra6+ 79. Kg5 Ra8 80. Re1+ Kd4 81. Kf4 Kd5 82. Ne7+ Kd6 83. Nf5+ Kd5 84. Rd1+ Kc5 85. Nd6 Rh8 86. Ke5 Rh5+ 87. Nf5 Kc4 88. Ke4 Kc5 89. Rd5+ Kb6 90. Kd4 Rh1 91. Ke5 Kc6 92. Nd4+ Kc7 93. Rc5+ Kb6 94. Rc6+ Kb7 95. Rf6 Rh5+ 96. Nf5 Rh1 97. Kd5 Rd1+ 98. Nd4 Rh1 99. Nb3 Kc7 100. Rf7+ 1/2-1/2

[Event "Coventry International"]
[Site "Coventry"]
[Date "2025.10.27"]
[Round "3.4"]
[White "Plat, Vojtech"]
[Black "Shearsby, Jude"]
[Result "1-0"]
[WhiteElo "2456"]
[BlackElo "2330"]
[PlyCount "137"]
[EventDate "2025.10.26"]
[EventType "swiss"]
[EventRounds "9"]
[EventCountry "ENG"]
[SourceTitle "BritBase"]
[Source "John Saunders"]
[SourceDate "2025.10.31"]
[SourceVersion "1"]
[SourceVersionDate "2025.10.31"]
[SourceQuality "1"]

1. e4 c5 2. Nc3 e6 3. Nf3 Nc6 4. g3 a6 5. Bg2 b5 6. O-O Bb7 7. d4 cxd4 8. Nxd4 Rc8 9. e5 Qc7 10. Ne4 Nxe5 11. Bf4 Bxe4 12. Bxe4 Bd6 13. a4 Nf6 14. Bg2 b4 15. b3 O-O 16. Qe2 Ng6 17. Be3 Qa5 18. Bb7 Nd5 19. Qxa6 Qxa6 20. Bxa6 Nxe3 21. fxe3 Rc5 22. Bb7 Bc7 23. Rad1 d5 24. Rfe1 Bb6 25. Re2 Ne5 26. Kg2 Rb8 27. Ba6 Rc3 28. h3 Kf8 29. Bb5 Rd8 30. Kf2 Ke7 31. Ra1 Ra8 32. Rd2 f5 33. Be2 g6 34. Re1 h5 35. Bd1 Nd7 36. Nb5 Rcc8 37. Kg2 Nf6 38. Rf2 Ne4 39. Rff1 Nd2 40. Rf4 Ne4 41. g4 hxg4 42. hxg4 Rh8 43. Rff1 Kf6 44. Bf3 Ng5 45. e4 dxe4 46. Bxe4 Rad8 47. Bd3 Rh4 48. Be2 Rdh8 49. Rh1 Rxh1 50. Rxh1 Rxh1 51. Kxh1 f4 52. Nd6 e5 53. Bd3 Nf3 54. Nc4 Bd4 55. a5 Ng5 56. Nd2 Ba7 57. Kg2 Ne6 58. Ne4+ Ke7 59. a6 Nd4 60. g5 Ke6 61. Nf6 Nf5 62. Kf3 Nh4+ 63. Kg4 Nf5 64. Ng8 Ne3+ 65. Kf3 Nf5 66. Nh6 Ne7 67. Bc4+ Kd7 68. Nf7 Bd4 69. Nxe5+ 1-0

[Event "Coventry International"]
[Site "Coventry"]
[Date "2025.10.27"]
[Round "3.5"]
[White "Lewis, Andrew P"]
[Black "Kovchan, Alexander"]
[Result "1/2-1/2"]
[WhiteElo "2268"]
[BlackElo "2444"]
[PlyCount "62"]
[EventDate "2025.10.26"]
[EventType "swiss"]
[EventRounds "9"]
[EventCountry "ENG"]
[SourceTitle "BritBase"]
[Source "John Saunders"]
[SourceDate "2025.10.31"]
[SourceVersion "1"]
[SourceVersionDate "2025.10.31"]
[SourceQuality "1"]

1. d4 Nf6 2. c4 g6 3. Nc3 d5 4. cxd5 Nxd5 5. e4 Nxc3 6. bxc3 Bg7 7. Qa4+ Qd7 8. Bb5 c6 9. Be2 O-O 10. Qa3 Qe6 11. Bf3 b6 12. Ne2 Bb7 13. Be3 c5 14. Nf4 Qc8 15. O-O Nc6 16. Rac1 e6 17. d5 Ne5 18. Be2 exd5 19. Nxd5 Bxd5 20. exd5 Ng4 21. Bf4 Qf5 22. Bg3 Ne5 23. c4 Rfe8 24. Rfe1 h5 25. Qa4 Bh6 26. Rcd1 Bf4 27. Bd3 Qf6 28. Bxf4 Qxf4 29. Re4 Qf5 30. Rde1 Kg7 31. Qc2 Qg5 1/2-1/2